| 000 | 00984cab a2200193 4500 | ||
|---|---|---|---|
| 001 | X2671 | ||
| 008 | 090401t1991 xxu||||| |||| 00| 0 eng d | ||
| 035 | _a(Sirsi) u25715 | ||
| 041 | _aeng | ||
| 100 | _aForrest, D. | ||
| 245 | 3 | _aAn analysis of house price differentials between English regions | |
| 260 | _c1991 | ||
| 350 | _a0 | ||
| 490 |
_aRegional Studies _v25(3) June 1991, 231-238(8) |
||
| 520 | _aOn the basis of data from a sample of 13,963 transactions in October 1985, house price differentials between the South East and the other eight English planning regions were calculated. This paper reports region-specific hedonic price equations and uses them to estimate what proportion of the price differential between each region and the South East is related to differences in the neighbourhood and physical characteristics of the respective housing stocks. | ||
| 690 | _aPROPERTY-RESIDENTIAL PROPERTY-RESIDENTIAL PROPERTY MARKET | ||
| 942 | _n0 | ||
| 948 | _c04/03/1997 | ||
| 999 |
_c17281 _d17281 |
||